Droits de l'homme / (Record no. 2496)
[ view plain ]
| 000 -LEADER | |
|---|---|
| fixed length control field | 01507cam a2200361Mi 4500 |
| 001 - CONTROL NUMBER | |
| control field | ocm56742617 |
| 003 - CONTROL NUMBER IDENTIFIER | |
| control field | TZ-ArACH |
| 005 - DATE AND TIME OF LATEST TRANSACTION | |
| control field | 20150422164556.0 |
| 008 - FIXED-LENGTH DATA ELEMENTS--GENERAL INFORMATION | |
| fixed length control field | 030429s2003 fr 000 0 fre d |
| 016 7# - NATIONAL BIBLIOGRAPHIC AGENCY CONTROL NUMBER | |
| Record control number | FRBNF389949160000002 |
| Source | FrPBN |
| 020 ## - INTERNATIONAL STANDARD BOOK NUMBER | |
| International Standard Book Number | 2130533841 |
| 020 ## - INTERNATIONAL STANDARD BOOK NUMBER | |
| International Standard Book Number | 9782130533849 |
| 035 ## - SYSTEM CONTROL NUMBER | |
| System control number | (OCoLC)56742617 |
| 040 ## - CATALOGING SOURCE | |
| Original cataloging agency | U9S |
| Language of cataloging | fre |
| Transcribing agency | TZ-ArACH |
| Modifying agency | OCLCQ |
| -- | RUQBL |
| -- | FRBML |
| -- | BDF |
| -- | ZWZ |
| -- | OCLCQ |
| -- | CHRRO |
| -- | FRMCM |
| -- | UQ1 |
| 041 ## - LANGUAGE CODE | |
| Language code of text/sound track or separate title | Fre |
| 049 ## - LOCAL HOLDINGS (OCLC) | |
| Holding library | TZAA |
| 050 #4 - LIBRARY OF CONGRESS CALL NUMBER | |
| Classification number | K3240 |
| Item number | .M93 |
| 082 04 - DEWEY DECIMAL CLASSIFICATION NUMBER | |
| Classification number | 341.481 |
| Edition number | 21 |
| 100 1# - MAIN ENTRY--PERSONAL NAME | |
| Personal name | Mourgeon, Jacques. |
| 9 (RLIN) | 16562 |
| 245 14 - TITLE STATEMENT | |
| Title | Droits de l'homme / |
| Statement of responsibility, etc | Jacques Mourgeon. |
| 250 ## - EDITION STATEMENT | |
| Edition statement | 8e éd. refondue. |
| 260 ## - PUBLICATION, DISTRIBUTION, ETC. (IMPRINT) | |
| Place of publication, distribution, etc | Paris : |
| Name of publisher, distributor, etc | Presses Universitaires de France, |
| Date of publication, distribution, etc | 2003. |
| 300 ## - PHYSICAL DESCRIPTION | |
| Extent | 127 p. |
| 490 0# - SERIES STATEMENT | |
| Series statement | Que sais-je? ; |
| Volume number/sequential designation | v. 1728 |
| 520 ## - SUMMARY, ETC. | |
| Summary, etc | Essai critique sur l'évolution et sur la signification actuelle des droits de l'homme. Nés d'une volonté de libération, les droits de l'homme ne sont-ils pas dévoyés par la volonté de pouvoir ? Telle est la problématique sous-jacente de cet essai. |
| 650 #6 - SUBJECT ADDED ENTRY--TOPICAL TERM | |
| Topical term or geographic name as entry element | Droits de l'homme. |
| 9 (RLIN) | 16563 |
| 650 #7 - SUBJECT ADDED ENTRY--TOPICAL TERM | |
| Topical term or geographic name as entry element | Droits de l'homme. |
| Source of heading or term | ram |
| 9 (RLIN) | 16564 |
| 650 #7 - SUBJECT ADDED ENTRY--TOPICAL TERM | |
| Topical term or geographic name as entry element | Ddroits de l'homme. |
| Source of heading or term | rero |
| 9 (RLIN) | 16565 |
| 650 17 - SUBJECT ADDED ENTRY--TOPICAL TERM | |
| Topical term or geographic name as entry element | Droits de l'homme. |
| Source of heading or term | rasuqam |
| 9 (RLIN) | 16566 |
| 856 42 - ELECTRONIC LOCATION AND ACCESS | |
| Materials specified | Notice et cote du catalogue de la Bibliothèque nationale de France |
| Uniform Resource Identifier | <a href="http://catalogue.bnf.fr/ark:/12148/cb38994916q">http://catalogue.bnf.fr/ark:/12148/cb38994916q</a> |
| 942 ## - ADDED ENTRY ELEMENTS (KOHA) | |
| Source of classification or shelving scheme | Library of Congress Classification |
| Koha item type | Books |
| Home library | Current library | Shelving location | Date acquired | Full call number | Barcode | Koha item type |
|---|---|---|---|---|---|---|
| African Court on Human and Peoples' Rights Library | African Court on Human and Peoples' Rights Library | 22/04/2015 | K3240 .M93 | 1023327X | Books |
